| 000 | 00426nam a2200145Ia 4500 | ||
|---|---|---|---|
| 008 | 230917s9999||||xx |||||||||||||| ||und|| | ||
| 040 |
_e228947 _aMAIN |
||
| 041 | _aEnglish | ||
| 082 | _a660.602458 H138P | ||
| 100 | _aHalford, Nigel G, ed. | ||
| 245 | 0 | _aPlant biotechnology : Current and future applications of genetically modified crops | |
| 260 |
_aNew Delhi _bWiley India _c2015 |
||
| 300 | _axii, 303 p. | ||
| 942 | _cBK | ||
| 999 |
_c178038 _d178038 |
||